000 00352nam a2200133 i 4500
001 bg
100 1 _aSTOLARCZYK, Jadwiga
245 0 _aEwolucja społeczno-polityczna doktryn kościoła katolickiego /
_cJadwiga Stolarczyk.
260 _aKraków,
_c1975.
040 _cBPK
041 _apol
942 _cKS
008 s pl f |000 0 pol
999 _c27277
_d27277
856 _uhttp://koha.tu.koszalin.pl/cgi-bin/koha/opac-detail.pl?biblionumber=27277
_yKatalog online BPK